000 00457cam a2200181ua 4500
001 4262
008 111222n ii |||gr||||Z||||||asm
040 _cMAIN
082 _a891.4513
100 _aKhataniar, Kalidas,
245 1 1 _aPanchatanta katha kusum
_cby Kalidas Khataniar
250 _a1st.
260 _aKamrup:
_bKalidas Khataniar,961.
300 _a81p:5cm.
653 _aAssamese short stories
653 _aPanchatanta katha kusum
942 _cBK
999 _c4083
_d4083